CAC 40 Index composition - Statistics

General Stats
  • This quiz has been taken 50 times
  • The average score is 27 of 40
Answer Stats
Sector Turnover (Bd €) Entry Company % Correct
Luxury 86,15 1987 LVMH
100%
Automotive 52,38 1995 Renault
93%
Aeronautics, defense 65,45 1990 Airbus
90%
Cosmetic 41,18 1987 L'Oréal
86%
Automotive 189,54 1987 Stellantis
86%
Technologies 15,63 2017 STMicroelectronics
86%
Oil industry, industrial gas 214,42 1987 TotalEnergies
86%
Construction, Real Estate, Highways 69,62 2002 Vinci
86%
Banking, financial services, insurance 44,27 1987 BNP Paribas
83%
Retail distribution 82,28 1987 Carrefour
83%
Telecommunications 44,12 1997 Orange
83%
Banking, financial services, insurance 25,10 1987 Société générale
79%
Aeronautical equipment 18,43 2019 Thales
79%
Hotel, tourism 5,06 1987 Accor
76%
Insurance, financial services 80,89 1987 Axa
76%
Energy, industrial gas, oil industry 82,56 1987 Engie
76%
Luxury 13,43 2018 Hermès International
76%
Industrial gas 27,61 1987 Air Liquide
72%
Construction, real estate, media, telecommunications 43,69 1987 Bouygues
72%
Banking, financial services, insurance 25,18 1999 Crédit agricole
72%
IT services, technologies 5,95 2018 Dassault Systèmes
72%
Alcohol 12,14 1987 Pernod Ricard
69%
Pharmacy 43,07 1987 Sanofi
69%
Pneumatic, tourism 28,34 1987 Michelin
66%
Steel, building materials 61,74 2003 ArcelorMittal
59%
Computer services 25,52 1988 Capgemini
59%
Stock exchange 1,43 2025 Euronext
59%
Luxury 19,57 1995 Kering
59%
Eyewear sector 25,39 1987 EssilorLuxottica
55%
Aeronautics, defense 23,65 2011 Safran
55%
Food industry 27,62 1987 Danone
52%
Building materials, glass 47,94 1987 Saint-Gobain
52%
Environment, energy 45,35 1987 Veolia
52%
Advertising, media 13,10 2004 Publicis Groupe
48%
Electrical equipment 35,90 1987 Schneider Electric
48%
Construction, highways 24,01 2025 Eiffage
45%
Electrical equipment 8,42 1987 Legrand
41%
Biotechnology 6,51 2021 Eurofins Scientific
28%
Real Estate 2,32 2007 Unibail-Rodamco-Westfield
28%
Certification 5,86 2024 Bureau Veritas
24%
No matching quizzes found
Score Distribution
Percent of People with Each Score
Percentile by Number Answered
Your Score History
You have not taken this quiz